| 000 | 00974nam a22002657a 4500 | ||
|---|---|---|---|
| 003 | EG-ScBUE | ||
| 005 | 20221110042631.0 | ||
| 008 | 090707s1990 enka f b 001 0 eng d | ||
| 020 | _a185454053X | ||
| 020 | _a9781854540539 | ||
| 040 |
_aEG-ScBUE _beng _erda _cEG-ScBUE _dEG-ScBUE |
||
| 082 | 0 | 4 |
_222 _a720.941 _bMUR |
| 100 | 1 |
_aMurray, Peter, _d1920-1992, _eauthor. _97699 |
|
| 245 | 1 | 0 |
_aBritain / _cPeter Murray and Stephen Trombley. |
| 264 | 1 |
_aLondon ; _aNew York : _bArchitecture Design and Technology Press, _c1990. |
|
| 300 |
_aix, 201 pages : _billustrations ; _c21 cm. |
||
| 490 | 0 | _aModern architecture guide | |
| 500 | _aOriginally published as: Modern British arcitecture 1945 . London : Muller,1984. | ||
| 504 | _aIncludes bibliographical references and index. | ||
| 650 | 7 |
_aArchitecture _xHistory _zGreat Britain. _2BUEsh _97700 |
|
| 653 | _bENGARC | ||
| 655 |
_vReading book _934232 |
||
| 700 | 1 |
_aTrombley, Stephen, _eauthor. _97702 |
|
| 942 |
_2ddc _cBB |
||
| 999 |
_c12238 _d12238 |
||